History of social psychology: from the eighteenth-century enlightenment to the second world war (Record no. 5759)

MARC details
000 -LEADER
fixed length control field 00456nam a2200145Ia 4500
020 ## - INTERNATIONAL STANDARD BOOK NUMBER
ISBN 978-0-521-86828-0
082 ## - DEWEY DECIMAL CLASSIFICATION NUMBER
Classification number 302.094 JAH-S
100 ## - MAIN ENTRY--AUTHOR NAME
Personal name Jahoda, Gustav
245 #0 - TITLE STATEMENT
Title History of social psychology: from the eighteenth-century enlightenment to the second world war
260 ## - PUBLICATION, DISTRIBUTION, ETC. (IMPRINT)
Place of publication Cambridge
Name of publisher Cambridge University
Year of publication 2007
300 ## - PHYSICAL DESCRIPTION
Number of Pages ix, 242
504 ## - BIBLIOGRAPHY, ETC. NOTE
Bibliography, etc includes bibliography and index
650 ## - SUBJECT ADDED ENTRY--TOPICAL TERM
Topical Term Social psychology
Form subdivision History
Geographic subdivision Europe
942 ## - ADDED ENTRY ELEMENTS (KOHA)
Koha item type Books
Holdings
Withdrawn status Lost status Damaged status Not for loan Home library Current library Date acquired Bill Date Full call number Accession Number Price effective from Koha item type
        NASSDOC Library NASSDOC Library 31/12/1899 2006-03-06 302.094 JAH-S 43904 18/04/2019 Books